Países mais próximos do Mar Egeu - Statistics

Estatísticas Gerais
  • Esse quiz foi jogado 85 vezes
  • A pontuação média é 16 de 20
Estatísticas das Respostas
km país % Correto
0 Grécia
96%
0 Turquia
95%
131 Albânia
89%
343 Itália
89%
411 Bósnia e Herzegovina
88%
30 Bulgária
87%
403 Croácia
87%
386 Egito
84%
293 Romênia
84%
209 Kosovo
83%
312 Montenegro
83%
191 Sérvia
83%
535 Ucrânia
83%
57 Macedónia do Norte
82%
396 Chipre
80%
289 Líbia
76%
547 Moldávia
75%
699 Rússia
74%
637 Hungria
66%
681 Síria
64%
Nenhum quiz correspondente encontrado
Distribuição das Pontuações
Porcentagem de Pessoas com Cada Pontuação
Percentil de Números Respondidos
Sua Pontuação Histórica
Você não jogou esse quiz